Nominacje do Oscara Meryl Streep - Statystyki

Ogólne statystyki
  • Ten quiz został rozwiązany 76 razy
  • Średni wynik to 8 z 21
Statystyki odpowiedzi
Rok rozdania Oscarów Tytuł % Poprawnych
2012 Żelazna dama
79%
1983 Wybór Zofii
73%
2007 Diabeł ubiera się u Prady
63%
2018 Czwarta władza
58%
1979 Łowca jeleni
58%
2014 Sierpień w hrabstwie Osage
56%
1986 Pożegnanie z Afryką
54%
1980 Sprawa Kramerów
54%
2017 Boska Florence
48%
2010 Julie i Julia
37%
2009 Wątpliwość
29%
2015 Tajemnice lasu
27%
2003 Adaptacja
21%
1996 Co się wydarzyło w Madison County
21%
1984 Silkwood
19%
1991 Pocztówki znad krawędzi
17%
1982 Kochanica Francuza
15%
2000 Koncert na 50 serc
15%
1989 Krzyk w ciemności
15%
1988 Chwasty
13%
1999 Jedyna prawdziwa rzecz
8%
Nie znaleziono quizów pasujących do podanych kryteriów
Rozkład punktacji
Procent ludzi z każdym wynikiem
Percentyl według liczby udzielonych odpowiedzi
Twoja historia wyników
Nie rozwiązałeś tego quizu